004740000a2200157000450024500940000065000290009465000120012365000100013565000150014565100190016004100130017970000210019270000160021310000200022977300670024910aInteractions Among soil invertebrates, microbes and plant growth in the tallgrass prairie14aRelación planta-animal14aBiomasa14aFauna14aEcología 4pEstados Unidos0 aInglés1 aJames, Samuel W.1 aTodd, T. C.1 aSeastedt, T. R.1 tAgriculture, Ecosystems and Enviroment3675h24q219-228d1988